000 00598nam a2200181Ia 4500
008 240925s9999 xx 000 0 und d
020 _a71136932
082 _a005.43 SIN
100 _aSinghal, Mukesh -; Shivaratri, Niranjan G.
245 0 _aAdvanced Concepts in Operating Systems: distributed, database and multiprocessor operating systems.
250 _aNA
260 _aNew Delhi:
_bScientific International
_c,1994.
300 _axx,793p.
_bNA
_fOriginal
500 _aIncludes Index
600 _aComputer Science
650 _aComputer science, information & general works
942 _cBK
999 _c2605
_d2605